000
00227 a2200097 4500
001
34651
100
_a
Wempen, Faithe
245
_a
Ten Minute guide to Microsoft Access 2000
260
_a
ND
_b
PHI
_c
1999
090
_c
22934
_d
22934
942
_a
NUST-CAE
_c
M
_c
14374
999
_c
269724
_d
269724